| 000 | 00383nam a22001451a 4500 | ||
|---|---|---|---|
| 082 |
_aS 294.59218 _bMOH/M |
||
| 100 | _aMohammed Haneef Ghan Sastri | ||
| 245 |
_aMahamanthra gayathri ka baudhik upayog/ _cby Mohammed Haneef Ghan Sastri |
||
| 260 |
_aNew Delhi: _bSaistha, _c2002. |
||
| 300 | _a243p. | ||
| 650 | _aUpanishad | ||
| 650 | _aHinduism | ||
| 650 | _aReligion | ||
| 942 | _cBK | ||
| 999 |
_c26732 _d26732 |
||